|
|
|
|
| LEADER |
00000cam a2200000 a 4500 |
| 001 |
vtls001087608 |
| 003 |
SK-MaSNL |
| 005 |
20260301001020.0 |
| 008 |
240226s1985 xo b frn 000 0 slo |
| 015 |
|
|
|a SNBA1986/04
|
| 020 |
|
|
|q (brožované)
|
| 035 |
|
|
|a SNK000030448
|
| 035 |
|
|
|a B1667D11-C971-486E-8BBF-254044B2FB92
|
| 035 |
|
|
|a urn:nbn:sk:snk-am00ibtz
|
| 035 |
|
|
|a BB7DCF5F-550A-468A-8B52-02E72C66E78E
|
| 035 |
|
|
|a urn:nbn:sk:snk-am00if4w
|
| 040 |
|
|
|a SNK
|b slo
|c SNK
|e AACR2
|
| 041 |
0 |
|
|a slo
|b eng
|b rus
|
| 043 |
|
|
|a e-xo---
|
| 044 |
|
|
|a xo
|c SK
|
| 072 |
|
7 |
|a 502
|x Životné prostredie a jeho ochrana
|2 konspekt
|
| 080 |
|
|
|a 504.54(234.372.4)
|2 1981
|
| 080 |
|
|
|a (437.6)
|2 2011
|
| 080 |
|
|
|a (048.8)
|2 2011
|
| 080 |
|
|
|a 502.5
|2 2011
|
| 080 |
|
|
|a 502.21(1-751.2)
|2 2011
|
| 080 |
|
|
|a 91
|2 2011
|
| 100 |
1 |
|
|a Mazúr, Emil,
|d 1925-1990
|4 aut
|9 37084
|
| 245 |
1 |
0 |
|a Krajinná syntéza oblasti Tatranskej Lomnice
|b geografický model racionálneho využívania krajiny v národných parkoch
|c Emil Mazúr a kolektív
|
| 250 |
|
|
|a 1. vyd.
|
| 260 |
|
|
|a Bratislava
|b Veda
|c 1985
|e Nitra
|f Nitrianske tlačiarne
|
| 300 |
|
|
|a 106 strán
|b mapy
|c 24 cm
|e 1 voľná príloha
|
| 366 |
|
|
|e 600 výtl.
|
| 490 |
1 |
|
|a Edícia vedy o Zemi a vesmíre
|
| 500 |
|
|
|a Voľnú prílohu tvorí 9 zložených listov máp
|
| 504 |
|
|
|a Bibliografia na strane 64-65
|
| 546 |
|
|
|a Anglické a ruské resumé
|
| 650 |
0 |
7 |
|a krajinná ekológia
|2 SNKPH
|9 3811
|
| 650 |
0 |
7 |
|a národné parky
|2 SNKPH
|9 3797
|
| 650 |
0 |
7 |
|a geografia
|2 SNKPH
|9 823
|
| 650 |
0 |
7 |
|a krajina
|2 SNKPH
|9 15725
|
| 651 |
|
7 |
|a Tatranská Lomnica (Vysoké Tatry, Slovensko)
|2 SNKPHgeo
|9 160914
|
| 655 |
|
7 |
|a štúdie
|2 SNKPH
|9 57033
|
| 700 |
1 |
|
|a Drdoš, Ján,
|d 1934-2009
|4 aut
|9 183839
|
| 700 |
1 |
|
|a Bučko, Štefan,
|d 1917-1998
|4 aut
|9 54087
|
| 700 |
1 |
|
|a Huba, Mikuláš,
|d 1954-
|4 aut
|9 102715
|
| 700 |
1 |
|
|a Oťaheľ, Ján,
|d 1949-
|4 aut
|9 14640
|
| 700 |
1 |
|
|a Očovský, Štefan,
|d 1941-1994
|4 aut
|9 39542
|
| 700 |
1 |
|
|a Tarábek, Koloman,
|d 1922-
|4 aut
|9 278774
|
| 830 |
|
0 |
|a Edícia vedy o Zemi a vesmíre
|9 278775
|
| 852 |
|
|
|a Slovenská národná knižnica
|
| 954 |
|
|
|a odborná, vedecká literatúra pôvodná (slovenská)
|2 lita
|
| 958 |
|
|
|a OND
|
| 958 |
|
|
|a NB
|
| 958 |
|
|
|a TL
|
| 958 |
|
|
|a EUIPO
|
| 999 |
|
|
|c 534005
|d 535935
|
| 952 |
|
|
|a SNK
|b SNK
|y PREZ
|7 0
|p 17A1493581
|o snkSC 65486/príl.
|i snkKSP 1103/86
|z Príloha: 9 zložených listov máp
|0 0
|1 0
|4 0
|d 2022-08-30
|f 1
|l 0
|r 2026-02-23 12:19:37
|w 2026-02-23
|
| 952 |
|
|
|a SNK
|b SNK
|y VYP
|7 0
|p 17A0076988
|o snkSC 65486 D1
|i snkKSP 1104/86
|3 Príloha: 9 zložených listov máp, ako súčasť knihy
|z Príloha: 9 zložených listov máp, ako súčasť knihy
|0 0
|1 0
|4 0
|d 1997-07-02
|l 0
|r 2004-12-31 00:00:00
|w 2026-02-23
|
| 952 |
|
|
|a SNK
|b SNK
|y PREZ
|7 0
|p 17A0937847
|o snkSC 65486
|i snkKSP 1103/86
|3 Dokument obsahuje voľnú prílohu (9 zložených listov máp)
|0 0
|1 0
|4 0
|d 2012-08-07
|f 1
|l 0
|r 2026-02-23 12:19:37
|w 2026-02-23
|